| 000 | 00458nam a22001577a 4500 | ||
|---|---|---|---|
| 003 | LK-CoDNM | ||
| 005 | 20240924151822.0 | ||
| 008 | 240924b |||||||| |||| 00| 0 eng d | ||
| 040 |
_aLK-CoDNM _dLK-CoDNM _eLK-CoDNM |
||
| 041 | _asin | ||
| 100 | _aහියාරේ පඤ්ඤජෝති හිමි | ||
| 245 | _aශීලය | ||
| 260 |
_aගෝමිස් මුද්රණාලය _bගාල්ල |
||
| 300 | _a30p ; 13cm | ||
| 942 | _cBK | ||
| 999 |
_c152652 _d152652 |
||